Calgary Flames Leaders - Statistics

General Stats
  • This quiz has been taken 81 times
    13 since last reset
  • The average score is 48 of 102
Answer Stats
Hint Number Answer % Correct
Most Goals 525 Jarome Iginla
91%
Most Assists 570 Jarome Iginla
91%
Most Points 1095 Jarome Iginla
91%
Most Games Played 1219 Jarome Iginla
91%
Most Game Winning Goals 83 Jarome Iginla
91%
Most Goals 210 Johnny Gaudreau
91%
Most Assists 399 Johnny Gaudreau
91%
Most Points 609 Johnny Gaudreau
91%
Most Game Winning Goals 41 Johnny Gaudreau
91%
Most Goals 215 Lanny McDonald
82%
Most Goals 364 Théoren Fleury
82%
Most Assists 466 Théoren Fleury
82%
Most Points 830 Théoren Fleury
82%
Most Games Played 791 Théoren Fleury
82%
Most Game Winning Goals 53 Théoren Fleury
82%
Most Goals 213 Al MacInnis
73%
Most Assists 609 Al MacInnis
73%
Most Points 822 Al MacInnis
73%
Most Games Played 803 Al MacInnis
73%
Most Games Played (Goalie) 576 Miikka Kiprusoff
73%
Most Wins 305 Miikka Kiprusoff
73%
Most Shutouts 41 Miikka Kiprusoff
73%
Best Career Save Percentage .913 Miikka Kiprusoff
73%
Best Career Goals Against Average 2.46 Miikka Kiprusoff
73%
Most Shutouts 5 Mike Smith
73%
Best Career Save Percentage .909 Mike Smith
73%
Best Career Goals Against Average 2.68 Mike Smith
73%
Most Games Played (Goalie) 527 Mike Vernon
73%
Most Wins 262 Mike Vernon
73%
Most Shutouts 13 Mike Vernon
73%
Most Games Played (Goalie) 213 Jacob Markström
64%
Most Wins 105 Jacob Markström
64%
Most Shutouts 15 Jacob Markström
64%
Best Career Save Percentage .907 Jacob Markström
64%
Best Career Goals Against Average 2.63 Jacob Markström
64%
Most Assists 366 Mark Giordano
64%
Most Points 509 Mark Giordano
64%
Most Games Played 949 Mark Giordano
64%
Most Goals 314 Joe Nieuwendyk
55%
Most Points 616 Joe Nieuwendyk
55%
Most Game Winning Goals 43 Joe Nieuwendyk
55%
Most Goals 232 Mikael Backlund
55%
Most Assists 374 Mikael Backlund
55%
Most Points 606 Mikael Backlund
55%
Most Games Played 1148 Mikael Backlund
55%
Most Game Winning Goals 41 Mikael Backlund
55%
Most Wins 60 Dustin Wolf
45%
Most Shutouts 5 Dustin Wolf
45%
Best Career Save Percentage .906 Dustin Wolf
45%
Most Goals 257 Gary Roberts
45%
Most Game Winning Goals 27 Gary Roberts
45%
Most Games Played (Goalie) 130 David Rittich
36%
Most Wins 63 David Rittich
36%
Best Career Save Percentage .908 David Rittich
36%
Best Career Goals Against Average 2.83 David Rittich
36%
Most Assists 436 Gary Suter
36%
Most Points 564 Gary Suter
36%
Most Game Winning Goals 33 Joe Mullen
36%
Best Career Save Percentage .905 Jonas Hiller
36%
Best Career Goals Against Average 2.73 Jonas Hiller
36%
Most Goals 212 Sean Monahan
36%
Most Games Played 656 Sean Monahan
36%
Most Game Winning Goals 47 Sean Monahan
36%
Most Games Played 711 Jim Peplinski
27%
Most Shutouts 5 Karri Rämö
27%
Best Career Save Percentage .911 Karri Rämö
27%
Best Career Goals Against Average 2.63 Karri Rämö
27%
Most Goals 229 Kent Nilsson
27%
Most Assists 333 Kent Nilsson
27%
Most Points 562 Kent Nilsson
27%
Most Games Played (Goalie) 178 Trevor Kidd
27%
Most Wins 72 Trevor Kidd
27%
Most Shutouts 10 Trevor Kidd
27%
Best Career Goals Against Average 2.83 Trevor Kidd
27%
Most Games Played (Goalie) 398 Dan Bouchard
18%
Most Wins 168 Dan Bouchard
18%
Most Shutouts 20 Dan Bouchard
18%
Best Career Save Percentage .899 Dan Bouchard
18%
Most Game Winning Goals 30 Elias Lindholm
18%
Most Games Played (Goalie) 138 Fred Brathwaite
18%
Most Shutouts 11 Fred Brathwaite
18%
Best Career Save Percentage .909 Fred Brathwaite
18%
Best Career Goals Against Average 2.54 Fred Brathwaite
18%
Most Games Played 730 Joel Otto
18%
Most Assists 336 Paul Reinhart
18%
Most Games Played (Goalie) 211 Phil Myre
18%
Most Wins 76 Phil Myre
18%
Most Shutouts 11 Phil Myre
18%
Most Games Played (Goalie) 323 Réjean Lemelin
18%
Most Wins 144 Réjean Lemelin
18%
Most Shutouts 6 Réjean Lemelin
18%
Most Games Played 826 Robyn Regehr
18%
Most Games Played (Goalie) 152 Roman Turek
18%
Most Wins 63 Roman Turek
18%
Most Shutouts 12 Roman Turek
18%
Best Career Save Percentage .906 Roman Turek
18%
Best Career Goals Against Average 2.51 Roman Turek
18%
Most Games Played 634 T.J. Brodie
18%
Most Game Winning Goals 29 Eric Vail
9%
Most Assists 336 Guy Chouinard
9%
Most Points 529 Guy Chouinard
9%
Best Career Goals Against Average 2.81 Rick Tabaracci
0%
No matching quizzes found
Score Distribution
Percent of People with Each Score
Percentile by Number Answered
Your Score History
You have not taken this quiz since the last reset